Serie de lecciones sobre Raja Yoga / (Record no. 123780)

MARC details
000 -LEADER
campo de control de longitud fija 00596nam a2200181 4500
001 - NÚMERO DE CONTROL
campo de control 123780
003 - IDENTIFICADOR DE NÚMERO DE CONTROL
campo de control ES-MaACL
005 - FECHA Y HORA DE LA ÚLTIMA TRANSACCIÓN
campo de control 20230906192234.0
007 - CAMPO FIJO DE DESCRIPCIÓN FÍSICA--INFORMACIÓN GENERAL
campo de control de longitud fija t|
008 - DATOS DE LONGITUD FIJA--INFORMACIÓN GENERAL
campo de control de longitud fija 070214s1920 ag r ||||1| spa d
100 1# - ENTRADA PRINCIPAL--NOMBRE DE PERSONA
Nombre de persona Ramacharaka
Títulos y otros términos asociados al nombre Yogi.
9 (RLIN) 95061
245 10 - MENCIÓN DEL TÍTULO
Título Serie de lecciones sobre Raja Yoga /
Mención de responsabilidad, etc. por Yogi Ramacharaka ; traducción autorizada del inglés por M. López Villamil y Ricardo Vivié.
260 ## - PUBLICACIÓN, DISTRIBUCIÓN, ETC.
Lugar de publicación, distribución, etc. Buenos Aires :
Nombre del editor, distribuidor, etc. La Facultad,
Fecha de publicación, distribución, etc. 1920.
300 ## - DESCRIPCIÓN FÍSICA
Extensión 330 p. ;
Dimensiones 21 cm.
700 1# - ENTRADA AGREGADA--NOMBRE PERSONAL
Nombre de persona López Villamil, M.
9 (RLIN) 74027
700 1# - ENTRADA AGREGADA--NOMBRE PERSONAL
Nombre de persona Vivié, Ricardo.
9 (RLIN) 115602
852 ## - LOCALIZACIÓN
Ubicación ES-MaACL
Número de control de estantería F-5794
Holdings
Estatus retirado Estado de pérdida Estado de daño No para préstamo Biblioteca de origen Biblioteca actual Ubicación en estantería Fecha de adquisición Fuente de adquisición Total de préstamos Signatura topográfica completa Código de barras Visto por última vez Precio de reemplazo Tipo de ítem Koha
        Biblioteca del Ateneo de Madrid Biblioteca del Ateneo de Madrid Depósito 2 17/01/2008     F-5794 1128963 23/02/2023 23/02/2023 Libro impreso